000
00342nam a2200133Ia 4500
008
230511s1989 xx 000 0 und d
041
_a
eng
082
_a
343.052
100
_a
Bhandari M C
245
_a
Wadhwas The Income Tax Act/Rules
260
_a
Pune
_b
Hind Law House
_c
1989
300
_a
1079
906
_a
Tax Laws - Income Tax
999
_c
344530
_d
344530